000 00837nam a2200253 4500
001 191408
003 SpMaBN
005 20240224134017.0
008 220922s2006 sp | ||| ||spa
016 7 _abimoBNE20061084081 [
_2SpMaBN]
017 _aM 41866-2006
_bOficina Depósito Legal Madrid
020 _a8467023147
035 _a(OCoLC)434039220
040 _aSpMaBN
_bspa
_cSpMaBN
_erdc
080 _a(038)=134.2
245 0 0 _aDiccionario esencial de la lengua española /
_cReal Academia Española.
260 _aPozuelo de Alarcón (Madrid) :
_bEspasa Calpe,
_c[2006]
300 _aXXXI, 1631 p. ;
_c24 cm.
650 0 7 _aLengua española-
_vDiccionarios.
_914137
710 2 _aReal Academia Española
_96336
852 _aES-MaACL
_jA-15192
_9198608
_cDEPO1
_dOlim: DIC-L 134.2 dic
942 _2udc
999 _c191408
_d191408